| 000 | 00795cam a22002415a 4500 | ||
|---|---|---|---|
| 001 | L159737 | ||
| 008 | 150226s2017 xxk f 000 0 eng d | ||
| 035 | _a(Sirsi) u159737 | ||
| 041 | 0 | _aeng | |
| 100 | 1 |
_aHooper, Brendon _96168 |
|
| 245 | 0 | 0 | _aTaking the long view |
| 260 | _c2017 | ||
| 490 |
_aModus _vNovember 2017, 36-37 (2) |
||
| 520 | _aThe Hong Kong-Zhuhai-Macau bridge and tunnel sea crossing links the three cities by the world's longest bridge over water. Built to last 120 years, it's a first large-scale infrastructure project to adopt BIM in Hong Kong. | ||
| 590 | _aKA | ||
| 650 | 2 | 4 | _aBRIDGE ENGINEERING |
| 650 | 2 | 4 | _aTUNNELS |
| 650 | 2 | 4 |
_aBIM _96219 |
| 651 | 4 | _aChina | |
| 690 |
_aInfrastructure _96246 |
||
| 690 | _aBUILDING AND CONSTRUCTION-PROJECTS | ||
| 942 | _n0 | ||
| 999 |
_c84948 _d84948 |
||